000
00297nam a22001217a 4500
040
_c
HS
082
_a
664
100
_a
BRUCE R.D' ARCY
245
_a
Food chemistry a practical manual
260
_a
A university of queensland publication 2006
_b
BRUCE R.D' ARCY
_c
2006
300
_a
56p.
942
_c
EK
999
_c
8638
_d
8638